000 01048cab a22002415a 4500
001 L143932
008 080606s2008 xxk f 000 0 eng d
035 _a(Sirsi) u143932
041 _aeng
100 1 _aScrafton, Peter
245 0 0 _aPermission
260 _c2008
490 0 _aInsight
_vJune 2008, 22-23(2)
520 _aExamines the thorny subject of statutory planning assumptions. Outlines the main problems with them. Explains why successive governments have put these assumptions under review. Using relevant case law, explains how the courts and Land tribunal have highlighted the outdated nature of the provisions through their decisions.
590 _aKA
650 2 4 _aFLETCHER ESTATES (HARLESCOTT) LTD V SOS ENVIRONMENT
650 2 4 _aPURFLEET FARMS LTD V SOS ENVIRONMENT
650 2 4 _aGREENWICH LTD V WANDSWORTH LBC
650 2 4 _aLAND COMPENSATION ACT 1961
651 4 _aEngland and Wales
_y1543-
690 _aENVIRONMENTAL AND LAND CONSULTANCY-PLANNING AND DEVELOPMENT-COMPULSORY PURCHASE AND COMPENSATION
942 _n0
999 _c80316
_d80316